[Event "Basel Christmas op"]
[Site "Basel"]
[Date "2023.12.27"]
[Round "3"]
[White "Butenandt, Svenja"]
[Black "Miosi, Marco"]
[Result "1-0"]
[WhiteElo "2226"]
[BlackElo "2082"]
[PlyCount "65"]
[EventDate "2023.12.26"]
[EventType "swiss"]
[EventRounds "9"]
[EventCountry "SUI"]
[SourceTitle "CB02_2024"]
[SourceDate "2024.01.10"]
[SourceVersion "1"]
[SourceVersionDate "2024.01.10"]
[SourceQuality "1"]

1. d4 d5 2. c4 c6 3. Nc3 Nf6 4. Nf3 e6 5. Bg5 dxc4 6. e4 b5 7. e5 h6 8. Bh4 g5 9. Nxg5 hxg5 10. Bxg5 Nbd7 11. g3 Be7 12. exf6 Nxf6 13. Bg2 Bb7 14. 0-0 Qb6 15. Qf3 Nd5 16. Bxe7 Nxe7 17. Ne4 Nf5 18. g4 Qc7 19. h3 Nh6 20. Qf6 Rh7 21. Qh4 Nxg4 22. Qxg4 0-0-0 23. Nc5 Rh6 24. Kh1 Rdh8 25. a4 b4 26. Qg3 Rg6 27. Qxc7+ Kxc7 28. Rac1 Bc8 29. f4 Rhg8 30. Rf2 Rg3 31. Rxc4 e5 32. Ne4 Re3 33. Nf6 1-0

[Event "ITA-ch sf 82nd"]
[Site "Villesse"]
[Date "2023.07.20"]
[Round "7"]
[White "Miosi, Marco"]
[Black "Ceschia, Ivano"]
[Result "0-1"]
[WhiteElo "1942"]
[BlackElo "2155"]
[PlyCount "68"]
[EventDate "2023.07.15"]
[EventType "swiss"]
[EventRounds "9"]
[EventCountry "ITA"]
[SourceTitle "CBM 215 Extra"]
[Source "ChessBase"]
[SourceDate "2023.09.30"]
[SourceVersion "1"]
[SourceVersionDate "2023.09.30"]
[SourceQuality "1"]

1. c4 c5 2. Nc3 Nf6 3. g3 Nc6 4. Bg2 g6 5. e4 Bg7 6. Nge2 d6 7. h3 0-0 8. 0-0 e5 9. d3 Nd4 10. f4 Nxe2+ 11. Qxe2 Nh5 12. Qf3 exf4 13. g4 Ng3 14. Re1 g5 15. Nd5 Bd4+ 16. Kh2 h5 17. gxh5 g4 18. hxg4 Qh4+ 19. Bh3 Nxh5 20. Bd2 Nf6 21. Ne7+ Kg7 22. Nxc8 Raxc8 23. Bxf4 Rh8 24. Kg2 Nh7 25. Rf1 f6 26. e5 dxe5 27. Qxb7+ Kg6 28. Bg3 Qg5 29. Qe4+ Kg7 30. Rae1 Rb8 31. b3 Qh6 32. Qc6 Ng5 33. Bh4 Rbf8 34. Bxg5 Qxh3# 0-1